000
00282nam a2200121Ia 4500
008
191201s2004 xx 000 0 und d
100
_a
LICKER, Mark D
245
0
_a
Dictionary of Mathematics
260
_a
N.Delhi
_b
TMH
_c
2004
300
_a
307
650
_a
Applied
942
_2
ddc
_c
BK
999
_c
1892
_d
1892